00241nam a2200097Ia 4500008004100000100001400041245003300055260003000088300000900118650001600127190216s9999||||xx |||||||||||||| ||und|| aHardy G H 2aA Course Of Pure Mathematics bCambridge Uty Pressc1908 a508p aMathematics